| 000 | 00886cam a22002777a 4500 | ||
|---|---|---|---|
| 001 | 110190 | ||
| 005 | 20230404130026.0 | ||
| 008 | 881115s1984 cu ac 001 0dspa | ||
| 035 | _9(DLC) 88889147 | ||
| 035 | _a2922418 | ||
| 010 | _a88889147 | ||
| 040 |
_aDLC _cDLC _dDLC |
||
| 050 | 1 | 4 |
_a107 F 1787.5 _bC569C 1984 |
| 100 | 1 |
_aCabrera Alvarez, Guillermo, _d1943- |
|
| 245 | 1 | 0 |
_aCamilo Cienfuegos : _bel hombre de mil anécdotas / _cGuillermo Cabrera Alvarez. |
| 246 | 3 | _aEl hombre de mil anécdotas. | |
| 260 |
_aLa Habana : _bEditora Política, _c1984. |
||
| 300 |
_avii, 130 p. : _bill., ports. ; _c18 cm. |
||
| 504 | _aIncluye índice | ||
| 600 | 1 | 0 | _aCienfuegos, Camilo. |
| 651 | 0 |
_aCuba _xHistory _y1933-1959 _vAnédotas |
|
| 653 |
_aCuba _aHistory _aCommunist revolution _a20th century _aCamilo Cienfuegos |
||
| 942 |
_2lcc _cbk |
||
| 985 | _abh20 11-14-88 | ||
| 946 | _aPP | ||
| 999 |
_c9435 _d9435 |
||